LEADER 00844nam0-22003131i-450- 001 990007872130403321 005 20040422105117.0 035 $a000787213 035 $aFED01000787213 035 $a(Aleph)000787213FED01 035 $a000787213 100 $a20040422d2003----km-y0itay50------ba 101 0 $aita 102 $aIT 105 $aa---a---001yy 200 1 $aNavi e schiavi$fMassimo Annati 210 $aNapoli$cRivista marittima$d2003 215 $a86 p.$cill.$d24 cm 300 $aSuppl. a: Rivista marittima. n. 4 aprile 2003 610 0 $aSchiavitł$aStoria 676 $a306.36209 700 1$aAnnati,$bMassimo$0282209 801 0$aIT$bUNINA$gRICA$2UNIMARC 901 $aBK 912 $a990007872130403321 952 $a13 E 43 12$b13080/6$fFINBC 959 $aFINBC 996 $aNavi e schiavi$9672953 997 $aUNINA LEADER 01293nam--2200361---450- 001 990001310910203316 005 20031219130810.0 035 $a000131091 035 $aUSA01000131091 035 $a(ALEPH)000131091USA01 035 $a000131091 100 $a20031219d1957----km-y0itay0103----ba 101 0 $aita 102 $aIT 105 $a||||||||001yy 200 1 $aAtlante geografico Paravia$efisico, politico, economico$ein cinquantadue carte delle quali dieci doppie, cinquantasei tavole illustrative con trecentoquindici fotocolor, prontuario per la spiegazione dei vocaboli stranieri, indice alfabetico dei nomi$fG. Pennesi, R. Almagia$gcartogrammi e diagrammi, prontuti del mondo a cura di Federico De Agostini 210 $aTorino$cParavia$d1957 215 $a1 v.$cill.$d33 cm. 410 0$12001 454 1$12001 461 1$1001-------$12001 700 1$aPENNESI,$bG.$0557519 701 1$aALMAGIĄ,$bRoberto$04190 801 0$aIT$bsalbc$gISBD 912 $a990001310910203316 951 $aI B 129$b17495 L.M.$cI B 959 $aBK 969 $aUMA 979 $aSIAV3$b10$c20031219$lUSA01$h1308 979 $aPATRY$b90$c20040406$lUSA01$h1733 979 $aANNAMARIA$b90$c20120726$lUSA01$h0839 996 $aAtlante geografico Paravia$9928942 997 $aUNISA